The compendious measurer (Record no. 113580)
[ view plain ]
| 000 -LEADER | |
|---|---|
| fixed length control field | 01028cam a22001935a 4500 |
| 001 - CONTROL NUMBER | |
| control field | L155467 |
| 008 - FIXED-LENGTH DATA ELEMENTS--GENERAL INFORMATION | |
| fixed length control field | 120326s1800 xxk f 000 0 eng d |
| 035 ## - SYSTEM CONTROL NUMBER | |
| System control number | (Sirsi) u155467 |
| 041 0# - LANGUAGE CODE | |
| Language code of text/sound track or separate title | eng |
| 100 1# - MAIN ENTRY--PERSONAL NAME | |
| Personal name | Hutton, Charles |
| Dates associated with a name | 1737-1823 |
| 245 04 - TITLE STATEMENT | |
| Title | The compendious measurer |
| Remainder of title | being a brief, yet comprehensive, treatise on mensuration, and practical geometry. With an introduction to decimal and duodecimal arithmetic. Adapted to practice, and the use of Schools. By Charles Hutton, LL.D. and F.R.S. &c. The Fourth Edition, corrected and enlarged. Illustrated with the plan of a Field-Book Engraved on Copper |
| 250 ## - EDITION STATEMENT | |
| Edition statement | The fourth edition, corrected and enlarged |
| 260 ## - PUBLICATION, DISTRIBUTION, ETC. | |
| Place of publication, distribution, etc. | London |
| Name of publisher, distributor, etc. | printed for G.G. and J. Robinson; R. Baldwin; and G. Wilkie; in Paternoster-Row. M.DCCC. H. Baldwin and Son, printers, New Bridge-Street, London.) |
| Date of publication, distribution, etc. | [1800] |
| 300 ## - PHYSICAL DESCRIPTION | |
| Extent | xvi, 322, [2] p. |
| Dimensions | 12o |
| 583 ## - ACTION NOTE | |
| Action | Condition reviewed |
| Time/date of action | 20120620 |
| Status | condition level 3 |
| 651 #4 - SUBJECT ADDED ENTRY--GEOGRAPHIC NAME | |
| Geographic name | Great Britain |
| Chronological subdivision | 1707- |
| 690 ## - LOCAL SUBJECT ADDED ENTRY--TOPICAL TERM (OCLC, RLIN) | |
| Topical term or geographic name as entry element | Measurement |
| 9 (RLIN) | 6256 |
| 942 ## - ADDED ENTRY ELEMENTS (KOHA) | |
| Suppress in OPAC | 0 |
| Withdrawn status | Lost status | Source of classification or shelving scheme | Damaged status | Not for loan | Home library | Current library | Shelving location | Date acquired | Total Checkouts | Full call number | Barcode | Date last seen | Copy number | Price effective from | Koha item type |
|---|---|---|---|---|---|---|---|---|---|---|---|---|---|---|---|
| Dewey Decimal Classification | Historic collection | Historic collection | Historic collection | 26/03/2012 | OCTAVO 1800 HUTTON | 30077268 | 06/08/2019 | 1 | 06/08/2019 | Book |